[Event "BCF-chT1c 1415 (4NCL) Promotion pool"]
[Site "England"]
[Date "2015.05.03"]
[Round "10.133"]
[White "Ledger, Andrew"]
[Black "Grund, Holger"]
[Result "1-0"]
[WhiteElo "2389"]
[BlackElo "2398"]
[PlyCount "119"]
[EventDate "2014.11.15"]
[EventType "team-tourn"]
[EventRounds "4"]
[EventCountry "ENG"]
[SourceTitle "EXT 2023"]
[Source "ChessBase"]
[SourceDate "2022.10.05"]
[SourceVersion "1"]
[SourceVersionDate "2022.10.05"]
[SourceQuality "1"]
[WhiteTeam "Blackthorne Russia"]
[BlackTeam "Grantham Sharks"]
[WhiteTeamCountry "ENG"]
[BlackTeamCountry "ENG"]

1. e4 c6 2. Nc3 d6 3. f4 g6 4. Nf3 Bg7 5. Be2 Nf6 6. 0-0 0-0 7. Qe1 b5 8. a3 a5 9. d3 Na6 10. Qh4 b4 11. axb4 Nxb4 12. Bd1 d5 13. e5 Nd7 14. Na4 e6 15. Qf2 Rb8 16. Be3 Re8 17. h4 Bf8 18. h5 Qe7 19. d4 Na6 20. hxg6 fxg6 21. Ng5 h6 22. Nf3 c5 23. c3 cxd4 24. Nxd4 Qf7 25. Nc6 Ra8 26. Bc2 Nab8 27. Nd4 Ba6 28. Rfe1 Bb7 29. Qg3 Kh7 30. Qh3 Nc6 31. Rf1 Nxd4 32. Bxd4 Bg7 33. Rf3 Nf8 34. Nc5 Bc6 35. g4 Kg8 36. Raf1 Bd7 37. Rg3 Rab8 38. b3 Bc8 39. Qg2 Qe7 40. Qe2 Qc7 41. Re3 Re7 42. Qg2 Rb5 43. Nd3 Qc6 44. c4 Rb8 45. f5 Rc7 46. f6 dxc4 47. Qxc6 Rxc6 48. fxg7 Kxg7 49. Nc5 cxb3 50. Rxb3 Rxb3 51. Bxb3 h5 52. gxh5 gxh5 53. Ra1 Kg6 54. Rxa5 Kf5 55. Ra7 Kg5 56. Be3+ Kh4 57. Rg7 Rb6 58. Bf2+ Kh3 59. Rg3+ Kh4 60. Rf3+ 1-0

[Event "BCF-chT1c 1314 (4NCL) Promotion pool"]
[Site "England"]
[Date "2014.05.05"]
[Round "11.133"]
[White "Palliser, Richard"]
[Black "Grund, Holger"]
[Result "1/2-1/2"]
[WhiteElo "2456"]
[BlackElo "2426"]
[PlyCount "109"]
[EventDate "2013.11.16"]
[EventType "team-tourn"]
[EventRounds "4"]
[EventCountry "ENG"]
[SourceTitle "EXT 2015"]
[Source "ChessBase"]
[SourceDate "2014.11.20"]
[SourceVersion "1"]
[SourceVersionDate "2014.11.20"]
[SourceQuality "1"]
[WhiteTeam "White Rose"]
[BlackTeam "Grantham Sharks"]
[WhiteTeamCountry "ENG"]
[BlackTeamCountry "ENG"]

1. d4 d5 2. c4 c6 3. Nf3 Nf6 4. Nc3 e6 5. Bg5 h6 6. Bxf6 Qxf6 7. Qb3 Nd7 8. e4 dxe4 9. Nxe4 Qe7 10. 0-0-0 Nf6 11. Qe3 g6 12. Nxf6+ Qxf6 13. Ne5 Bg7 14. f4 0-0 15. Bd3 Rd8 16. h4 c5 17. dxc5 Bd7 18. Be4 Ba4 19. Bxb7 Bxd1 20. Bxa8 Ba4 21. Bf3 Rc8 22. g3 Qe7 23. c6 Bxe5 24. fxe5 Bxc6 25. Bxc6 Rxc6 26. Kb1 Qb4 27. Qxh6 Qxc4 28. Qe3 Qc2+ 29. Ka1 Rc5 30. a3 Rd5 31. Rc1 Rd1 32. Rxd1 Qxd1+ 33. Ka2 Qd5+ 34. Kb1 Qd1+ 35. Ka2 Qd5+ 36. b3 Qg2+ 37. Kb1 Qh1+ 38. Kc2 Qc6+ 39. Kd2 Qg2+ 40. Ke1 Qh1+ 41. Kf2 Qh2+ 42. Kf3 Qh1+ 43. Kg4 Qd1+ 44. Kf4 Qf1+ 45. Ke4 Qb1+ 46. Qd3 Qe1+ 47. Qe3 Qb1+ 48. Kf3 Qf1+ 49. Qf2 Qh1+ 50. Ke2 Qe4+ 51. Qe3 Qg2+ 52. Kd3 Qb2 53. Kc4 Qxa3 54. Kb5 a6+ 55. Kc4 1/2-1/2

[Event "Bundesliga 0607"]
[Site "Germany"]
[Date "2007.03.18"]
[Round "13.6"]
[White "Grund, Holger"]
[Black "Heinemann, Thies"]
[Result "0-1"]
[WhiteElo "2432"]
[BlackElo "2453"]
[PlyCount "57"]
[EventDate "2006.10.28"]
[EventType "team-tourn"]
[EventRounds "15"]
[EventCountry "GER"]
[SourceTitle "CBM 118"]
[Source "ChessBase"]
[SourceDate "2007.05.31"]
[SourceVersion "1"]
[SourceVersionDate "2007.05.31"]
[SourceQuality "1"]
[WhiteTeam "Remagen"]
[BlackTeam "Hamburger SK"]
[WhiteTeamCountry "GER"]
[BlackTeamCountry "GER"]

1. e4 c5 2. Nf3 d6 3. Bb5+ Nd7 4. d4 Ngf6 5. Nc3 a6 6. Bxd7+ Nxd7 7. Be3 cxd4 8. Qxd4 e6 9. 0-0-0 Qa5 10. Kb1 Rb8 11. Rhe1 f6 12. Qc4 Kf7 13. Nd4 Ne5 14. Qb3 Qc7 15. f4 Nc4 16. f5 b5 17. fxe6+ Bxe6 18. Nxe6 Kxe6 19. a4 bxa4 20. Qxa4 Nxb2 21. Qa2+ Kd7 22. Qf7+ Be7 23. Kc1 Qxc3 24. Rxd6+ Kxd6 25. Qd5+ Kc7 26. Bf4+ Kc8 27. Qf5+ Kd8 28. Re3 Qc5 29. Qh3 0-1

[Event "BL2-West 0506"]
[Site "Germany"]
[Date "2006.01.29"]
[Round "6.7"]
[White "Grund, Holger"]
[Black "Kabatianski, Alexander"]
[Result "1-0"]
[WhiteElo "2445"]
[BlackElo "2436"]
[PlyCount "80"]
[EventDate "2005.10.23"]
[EventType "team-tourn"]
[EventRounds "9"]
[EventCountry "GER"]
[SourceTitle "EXT 2007"]
[Source "ChessBase"]
[SourceDate "2006.11.23"]
[SourceVersion "1"]
[SourceVersionDate "2006.11.23"]
[SourceQuality "1"]
[WhiteTeam "Remagen"]
[BlackTeam "Emsdetten Turm"]
[WhiteTeamCountry "GER"]
[BlackTeamCountry "GER"]

1. e4 c5 2. Nf3 e6 3. c3 d5 4. e5 Nc6 5. d4 Bd7 6. a3 f6 7. Bd3 Qc7 8. 0-0 c4 9. Bc2 Nge7 10. Re1 0-0-0 11. Nbd2 h6 12. Qe2 fxe5 13. dxe5 g5 14. b4 cxb3 15. Nxb3 Bg7 16. h3 Na5 17. Nxa5 Qxa5 18. a4 Nc6 19. Ba3 Bf8 20. c4 Bxa3 21. Rxa3 Qc5 22. Rc3 d4 23. Rb3 Na5 24. Rbb1 Bc6 25. Be4 a6 26. Bxc6 Nxc6 27. Qd3 Rd7 28. Qg6 Qe7 29. Nd2 Qf7 30. Qxf7 Rxf7 31. Ne4 Rc7 32. Rb6 Nd8 33. Rd1 Kb8 34. g3 Rxc4 35. a5 Rf8 36. Nf6 Kc7 37. Rdb1 Rc5 38. R6b4 Rxe5 39. Rc1+ Nc6 40. Ng4 Rd5 1-0

[Event "BL2-West 0506"]
[Site "Germany"]
[Date "2005.11.27"]
[Round "3.5"]
[White "Malykin, Vitaly"]
[Black "Grund, Holger"]
[Result "1-0"]
[WhiteElo "2375"]
[BlackElo "2445"]
[PlyCount "99"]
[EventDate "2005.10.23"]
[EventType "team-tourn"]
[EventRounds "9"]
[EventCountry "GER"]
[SourceTitle "EXT 2007"]
[Source "ChessBase"]
[SourceDate "2006.11.23"]
[SourceVersion "1"]
[SourceVersionDate "2006.11.23"]
[SourceQuality "1"]
[WhiteTeam "Koeln Porz II"]
[BlackTeam "Remagen"]
[WhiteTeamCountry "GER"]
[BlackTeamCountry "GER"]

1. Nf3 d5 2. d4 Nf6 3. c4 dxc4 4. e3 c5 5. Bxc4 e6 6. 0-0 a6 7. b3 Be7 8. Bb2 0-0 9. Nbd2 Nc6 10. dxc5 Bxc5 11. Rc1 Qe7 12. Bd3 Rd8 13. Bxf6 gxf6 14. Bxh7+ Kg7 15. Bb1 Ba3 16. Rc4 e5 17. Qe2 f5 18. g3 Be6 19. Rxc6 bxc6 20. Nxe5 Bd5 21. Nec4 Bb4 22. Bxf5 Qg5 23. Bb1 f6 24. Ne4 Qh6 25. Qg4+ Kf7 26. Qf5 Be7 27. h4 Rg8 28. Ne5+ Kf8 29. Ng4 Qg6 30. Nexf6 Qxf5 31. Bxf5 Rg7 32. Nxd5 cxd5 33. Rc1 Kf7 34. Rc6 a5 35. Be6+ Ke8 36. Kf1 a4 37. bxa4 Rxa4 38. Ne5 Bf6 39. Nf3 Ke7 40. Bxd5 Ba1 41. Rc7+ Kd6 42. Rxg7 Bxg7 43. Bb3 Ra8 44. g4 Rf8 45. Kg2 Bc3 46. g5 Ke7 47. h5 Rb8 48. Kg3 Rb4 49. Nh4 Kf8 50. h6 1-0

[Event "BL2-West 0506"]
[Site "Germany"]
[Date "2005.10.23"]
[Round "1.4"]
[White "Grund, Holger"]
[Black "Becker, Martin Alexander"]
[Result "0-1"]
[WhiteElo "2445"]
[BlackElo "2361"]
[PlyCount "116"]
[EventDate "2005.10.23"]
[EventType "team-tourn"]
[EventRounds "9"]
[EventCountry "GER"]
[SourceTitle "EXT 2007"]
[Source "ChessBase"]
[SourceDate "2006.11.23"]
[SourceVersion "1"]
[SourceVersionDate "2006.11.23"]
[SourceQuality "1"]
[WhiteTeam "Remagen"]
[BlackTeam "Solingen II"]
[WhiteTeamCountry "GER"]
[BlackTeamCountry "GER"]

1. e4 c5 2. Nf3 d6 3. d4 cxd4 4. Qxd4 Nf6 5. Nc3 a6 6. Bg5 Nc6 7. Qd2 e6 8. 0-0-0 h6 9. Bh4 b5 10. Nd4 Bd7 11. Nxc6 Bxc6 12. Qd4 Be7 13. Bxf6 gxf6 14. f4 Qb8 15. Be2 b4 16. Nb1 d5 17. exd5 Bxd5 18. Bf3 Bxf3 19. gxf3 Qb5 20. Qe4 Rc8 21. Nd2 Qc6 22. Qd3 f5 23. Nb3 Bf6 24. Qe2 Qc7 25. Rd2 0-0 26. Kb1 a5 27. Qb5 Ra8 28. Rg1+ Kh8 29. Rd7 Qxf4 30. Nc1 Qe3 31. Rgd1 Qxf3 32. Qc5 Qe4 33. Nd3 Rac8 34. Qf2 Qc6 35. Nf4 Rfd8 36. Rxd8+ Rxd8 37. Rxd8+ Bxd8 38. Qd4+ Kh7 39. a3 Bb6 40. Qf6 Qd7 41. axb4 Bd4 42. Nh5 axb4 43. h4 Be5 44. Qxe5 Qd1+ 45. Ka2 Qxh5 46. Qc7 Kg6 47. Qb8 Qg4 48. Kb3 Kf6 49. Qd8+ Kg7 50. c4 bxc3 51. bxc3 Qe4 52. c4 f4 53. c5 f3 54. Qd2 Qd5+ 55. Qxd5 exd5 56. c6 f2 57. c7 f1Q 58. c8Q Qc4+ 0-1

[Event "BEL-chT 0506"]
[Site "Belgium"]
[Date "2005.10.09"]
[Round "1"]
[White "Huizer, Mark A"]
[Black "Grund, Holger"]
[Result "0-1"]
[WhiteElo "2222"]
[BlackElo "2445"]
[PlyCount "40"]
[EventDate "2005.10.09"]
[EventType "team-tourn"]
[EventRounds "11"]
[EventCountry "BEL"]
[SourceTitle "EXT 2006"]
[Source "ChessBase"]
[SourceDate "2005.11.24"]
[SourceVersion "1"]
[SourceVersionDate "2005.11.24"]
[SourceQuality "1"]
[WhiteTeam "KSK47 Eynatten II"]
[BlackTeam "KSK47 Eynatten"]
[WhiteTeamCountry "BEL"]
[BlackTeamCountry "BEL"]

1. e4 c6 2. d4 d5 3. exd5 cxd5 4. c4 Nf6 5. c5 b6 6. b4 a5 7. b5 bxc5 8. dxc5 Qc7 9. Be3 e5 10. c6 Bb4+ 11. Nd2 d4 12. Bg5 Ne4 13. a3 Bc3 14. Rb1 0-0 15. Ngf3 Bg4 16. h4 Nxd2 17. Bxd2 e4 18. Bxc3 dxc3 19. Qd4 exf3 20. Qxg4 Re8+ 0-1

[Event "BL2-West 0405"]
[Site "Germany"]
[Date "2005.01.16"]
[Round "5.5"]
[White "Lagno, Kateryna"]
[Black "Grund, Holger"]
[Result "1/2-1/2"]
[WhiteElo "2435"]
[BlackElo "2441"]
[PlyCount "63"]
[EventDate "2004.10.13"]
[EventType "team-tourn"]
[EventRounds "9"]
[EventCountry "GER"]
[SourceTitle "EXT 2006"]
[Source "ChessBase"]
[SourceDate "2005.11.24"]
[SourceVersion "1"]
[SourceVersionDate "2005.11.24"]
[SourceQuality "1"]
[WhiteTeam "Emsdetten Turm"]
[BlackTeam "Remagen"]
[WhiteTeamCountry "GER"]
[BlackTeamCountry "GER"]

1. e4 c6 2. d4 d5 3. e5 Bf5 4. Nf3 e6 5. Be2 Nd7 6. 0-0 Ne7 7. Nh4 Bg6 8. Nxg6 hxg6 9. Nd2 Qc7 10. Nf3 Nf5 11. Bd3 0-0-0 12. Re1 Kb8 13. g3 c5 14. c3 Ka8 15. Rb1 Be7 16. b4 cxd4 17. cxd4 Nb6 18. a4 Rc8 19. h4 Nc4 20. Qb3 Qb6 21. a5 Qb5 22. Bf4 Rc7 23. Red1 Rhc8 24. Bf1 Rd7 25. Ne1 Rdc7 26. Qa2 Bd8 27. Qa1 b6 28. axb6 Qxb6 29. Rb3 Rb7 30. Be2 Na5 31. Ra3 Nc4 32. Rb3 1/2-1/2

[Event "BL2-West 0304"]
[Site "Germany"]
[Date "2004.??.??"]
[Round "?.5"]
[White "Grund, Holger"]
[Black "Pedersen, Daniel Vesterbaek"]
[Result "1-0"]
[WhiteElo "2455"]
[BlackElo "2360"]
[PlyCount "47"]
[EventDate "2003.12.14"]
[EventType "team-tourn"]
[EventRounds "9"]
[EventCountry "GER"]
[SourceTitle "CBM 100 Extra"]
[Source "ChessBase"]
[SourceDate "2004.07.06"]
[SourceVersion "2"]
[SourceVersionDate "2004.07.06"]
[SourceQuality "1"]
[WhiteTeam "Remagen"]
[BlackTeam "Emsdetten"]
[WhiteTeamCountry "GER"]
[BlackTeamCountry "GER"]

1. e4 e5 2. Nf3 Nc6 3. Nc3 Nf6 4. Bb5 Bd6 5. d3 h6 6. h3 b6 7. Be3 Bb7 8. Ne2 Ne7 9. c3 c6 10. Bc4 Bc7 11. 0-0 d5 12. Qb1 Qd7 13. Ng3 g5 14. d4 Ng6 15. dxe5 Nxe5 16. Nxe5 Bxe5 17. f4 gxf4 18. Bxf4 Qc7 19. Bxe5 Qxe5 20. exd5 Qxg3 21. dxc6 Bc8 22. Rxf6 Bxh3 23. Qe4+ Be6 24. Rxe6+ 1-0

[Event "BL2-West 0203"]
[Site "Germany"]
[Date "2003.03.30"]
[Round "9.4"]
[White "Grund, Holger"]
[Black "Hommeles, Theo"]
[Result "1/2-1/2"]
[WhiteElo "2447"]
[BlackElo "2390"]
[PlyCount "105"]
[EventDate "2002.10.20"]
[EventType "team-tourn"]
[EventRounds "9"]
[EventCountry "GER"]
[SourceTitle "EXT 2004"]
[Source "ChessBase"]
[SourceDate "2003.11.25"]
[SourceVersion "1"]
[SourceVersionDate "2003.11.25"]
[SourceQuality "1"]
[WhiteTeam "Andernach"]
[BlackTeam "Bochum"]
[WhiteTeamCountry "GER"]
[BlackTeamCountry "GER"]

1. e4 g6 2. d4 Bg7 3. Nc3 d6 4. Nf3 c6 5. a4 Nf6 6. h3 0-0 7. Be3 Nbd7 8. a5 Qc7 9. Be2 e5 10. dxe5 Nxe5 11. Nd4 Re8 12. Qd2 Ned7 13. f3 Nh5 14. 0-0 Ndf6 15. Rfd1 d5 16. exd5 Qe5 17. Bf2 Nxd5 18. Nxd5 Qxd5 19. Bf1 Be5 20. c3 Bc7 21. Re1 Be6 22. g4 Qd6 23. Be3 Nf6 24. Nxe6 Qg3+ 25. Qg2 Rxe6 26. Bc4 Ree8 27. Qxg3 Bxg3 28. Re2 Bc7 29. Kf2 Nd7 30. f4 Re4 31. Bd3 Re7 32. g5 a6 33. Kf3 Rae8 34. b4 Nf8 35. Rae1 Bd6 36. Bc4 Ne6 37. Bb6 Kf8 38. Be3 Nc7 39. Bd4 Rxe2 40. Rxe2 Rxe2 41. Bxe2 Nd5 42. f5 gxf5 43. Bd3 Ne7 44. h4 Ng6 45. h5 Ne5+ 46. Bxe5 Bxe5 47. c4 Bc3 48. Bxf5 Bxb4 49. Bc8 Bxa5 50. Bxb7 Bd2 51. Kg4 a5 52. Bxc6 h6 53. gxh6 1/2-1/2

[Event "BL2-West 0203"]
[Site "Germany"]
[Date "2003.03.09"]
[Round "8.4"]
[White "Grooten, Herman"]
[Black "Grund, Holger"]
[Result "0-1"]
[WhiteElo "2379"]
[BlackElo "2447"]
[PlyCount "106"]
[EventDate "2002.10.20"]
[EventType "team-tourn"]
[EventRounds "9"]
[EventCountry "GER"]
[SourceTitle "EXT 2004"]
[Source "ChessBase"]
[SourceDate "2003.11.25"]
[SourceVersion "1"]
[SourceVersionDate "2003.11.25"]
[SourceQuality "1"]
[WhiteTeam "Koeln Porz II"]
[BlackTeam "Andernach"]
[WhiteTeamCountry "GER"]
[BlackTeamCountry "GER"]

1. d4 d5 2. c4 dxc4 3. Nf3 Nf6 4. e3 Bg4 5. Bxc4 e6 6. Nc3 a6 7. h3 Bh5 8. g4 Bg6 9. Ne5 Nbd7 10. Nxg6 hxg6 11. g5 Ng8 12. e4 b5 13. Bb3 Bb4 14. Be3 Ne7 15. a3 Ba5 16. Rc1 Qb8 17. Kf1 Qb7 18. d5 e5 19. d6 cxd6 20. Nd5 Rc8 21. Rxc8+ Nxc8 22. Ba2 Bb6 23. Kg2 Bxe3 24. fxe3 Nc5 25. Qf3 Ne6 26. Qg4 Ne7 27. Rc1 0-0 28. h4 Nxd5 29. Bxd5 Qd7 30. Kg3 Rc8 31. Rf1 Qe7 32. Rh1 Rc2 33. h5 gxh5 34. Rxh5 g6 35. Rh6 Kg7 36. Bxe6 Qxe6 37. Qd1 Qb3 38. Qf3 Kg8 39. Kh3 Rxb2 40. Kh4 Qc2 41. Kg3 Qe2 42. Rh1 Ra2 43. Qxe2 Rxe2 44. Kf3 Ra2 45. Rd1 Rxa3 46. Rxd6 a5 47. Rd5 Rb3 48. Rxe5 a4 49. Re8+ Kg7 50. e5 a3 51. e6 fxe6 52. Re7+ Kf8 53. Rxe6 Rb4 0-1

[Event "BL2-West 0203"]
[Site "Germany"]
[Date "2003.01.26"]
[Round "5.4"]
[White "Grund, Holger"]
[Black "Romanov, Oleg"]
[Result "0-1"]
[WhiteElo "2447"]
[BlackElo "2407"]
[PlyCount "74"]
[EventDate "2002.10.20"]
[EventType "team-tourn"]
[EventRounds "9"]
[EventCountry "GER"]
[SourceTitle "EXT 2004"]
[Source "ChessBase"]
[SourceDate "2003.11.25"]
[SourceVersion "1"]
[SourceVersionDate "2003.11.25"]
[SourceQuality "1"]
[WhiteTeam "Andernach"]
[BlackTeam "Betzdorf Kirchen"]
[WhiteTeamCountry "GER"]
[BlackTeamCountry "GER"]

1. e4 e5 2. Nf3 Nc6 3. Nc3 d6 4. Bc4 Na5 5. Bb5+ c6 6. Be2 c5 7. b4 cxb4 8. Nd5 Nf6 9. Bb5+ Bd7 10. Nxf6+ gxf6 11. Qe2 a6 12. Bxd7+ Qxd7 13. 0-0 Rc8 14. a3 bxa3 15. Rxa3 Nc4 16. Rb3 Na5 17. Ra3 Nc4 18. Ra1 Nb6 19. d4 Rg8 20. Rd1 Qg4 21. g3 Rc3 22. Ra3 Rxa3 23. Bxa3 f5 24. exf5 e4 25. Rb1 Nd7 26. Re1 d5 27. Bxf8 Kxf8 28. Nd2 Qxf5 29. f3 exf3 30. Nxf3 Qg4 31. Rf1 Rg6 32. Qd2 Kg7 33. Qb4 Rf6 34. Kg2 Ne5 35. h3 Qe4 36. Qc3 Nxf3 37. Rxf3 Qe2+ 0-1

[Event "BL2-West 0203"]
[Site "Germany"]
[Date "2003.01.13"]
[Round "4.2"]
[White "Topolewski, Dirk"]
[Black "Grund, Holger"]
[Result "0-1"]
[WhiteElo "2278"]
[BlackElo "2447"]
[PlyCount "130"]
[EventDate "2002.10.20"]
[EventType "team-tourn"]
[EventRounds "9"]
[EventCountry "GER"]
[SourceTitle "EXT 2004"]
[Source "ChessBase"]
[SourceDate "2003.11.25"]
[SourceVersion "1"]
[SourceVersionDate "2003.11.25"]
[SourceQuality "1"]
[WhiteTeam "Castrop Rauxel"]
[BlackTeam "Andernach"]
[WhiteTeamCountry "GER"]
[BlackTeamCountry "GER"]

1. d4 d5 2. Nf3 Nf6 3. e3 c5 4. c4 cxd4 5. exd4 e6 6. Nc3 Bb4 7. a3 Bxc3+ 8. bxc3 0-0 9. Bd3 Qc7 10. Qb3 b6 11. cxd5 exd5 12. Ne5 Ba6 13. Bxa6 Nxa6 14. Bf4 Rac8 15. Rc1 Qb7 16. 0-0 Nb8 17. Rfe1 Rfe8 18. f3 h6 19. Qb5 Re6 20. Ng4 Rxe1+ 21. Rxe1 Nxg4 22. fxg4 Qc6 23. Qd3 Nd7 24. g5 hxg5 25. Bxg5 Nf8 26. Re3 Qg6 27. Qxg6 Nxg6 28. h4 f6 29. h5 Nf8 30. Bh4 Kf7 31. Rf3 Nd7 32. g4 b5 33. g5 Rh8 34. h6 gxh6 35. gxf6 Rg8+ 36. Kf2 Rg4 37. Rh3 h5 38. Kf3 Rg1 39. Kf4 a6 40. Bg5 Rf1+ 41. Ke3 Rf5 42. Bh4 Nf8 43. Rh1 Ng6 44. Bg3 Kxf6 45. Bc7 Kg5 46. Rg1+ Kh6 47. Ra1 Rf7 48. Bd6 Rf6 49. Bb8 Rb6 50. Bh2 Rc6 51. Kd3 Rc4 52. Kc2 h4 53. Rf1 Rc8 54. Bd6 Rd8 55. Bc7 Rf8 56. Rxf8 Nxf8 57. Kb3 Ne6 58. Bh2 Ng5 59. Kb4 Ne4 60. Ka5 Kg5 61. Kxa6 Nxc3 62. Ka5 Kf5 63. Kb4 Nb1 64. Bd6 h3 65. Kxb5 Nxa3+ 0-1

[Event "BL2-West 0203"]
[Site "Germany"]
[Date "2002.11.17"]
[Round "2.4"]
[White "Thesing, Matthias"]
[Black "Grund, Holger"]
[Result "0-1"]
[WhiteElo "2445"]
[BlackElo "2447"]
[PlyCount "80"]
[EventDate "2002.10.20"]
[EventType "team-tourn"]
[EventRounds "9"]
[EventCountry "GER"]
[SourceTitle "EXT 2004"]
[Source "ChessBase"]
[SourceDate "2003.11.25"]
[SourceVersion "1"]
[SourceVersionDate "2003.11.25"]
[SourceQuality "1"]
[WhiteTeam "Katernberg"]
[BlackTeam "Andernach"]
[WhiteTeamCountry "GER"]
[BlackTeamCountry "GER"]

1. e4 c6 2. c4 d5 3. cxd5 cxd5 4. exd5 Nf6 5. Nc3 Nxd5 6. Nf3 e6 7. Bc4 Nc6 8. d4 Bb4 9. Qd3 Na5 10. Bb5+ Bd7 11. 0-0 Bxc3 12. bxc3 0-0 13. Bxd7 Qxd7 14. c4 Ne7 15. Ba3 Rfd8 16. d5 Ng6 17. Rfe1 b6 18. Ne5 Nxe5 19. Rxe5 f6 20. Re4 Qf7 21. Rd1 e5 22. f4 exf4 23. Rxf4 Rac8 24. c5 bxc5 25. Qb5 Nb7 26. Ra4 Rxd5 27. Rxd5 Qxd5 28. Rxa7 Qd4+ 29. Kf1 Qf4+ 30. Ke2 Nd6 31. Qb3+ c4 32. Qe3 Re8 33. Re7 Qg4+ 34. Kf2 Ne4+ 35. Ke1 Rxe7 36. Bxe7 Kf7 37. Bb4 Qxg2 38. a4 Qh1+ 39. Ke2 Qxh2+ 40. Kd1 Nf2+ 0-1

[Event "BL2-West 0102"]
[Site "Germany"]
[Date "2002.04.14"]
[Round "8.1"]
[White "Kritz, Leonid"]
[Black "Grund, Holger"]
[Result "1/2-1/2"]
[WhiteElo "2423"]
[BlackElo "2466"]
[PlyCount "25"]
[EventDate "2001.10.07"]
[EventType "team-tourn"]
[EventRounds "9"]
[EventCountry "GER"]
[SourceTitle "CBM 088 Extra"]
[Source "ChessBase"]
[SourceDate "2002.07.01"]
[SourceVersion "2"]
[SourceVersionDate "2002.07.01"]
[SourceQuality "1"]
[WhiteTeam "Bochum"]
[BlackTeam "Andernach"]
[WhiteTeamCountry "GER"]
[BlackTeamCountry "GER"]

1. e4 c6 2. Nc3 d5 3. d4 dxe4 4. Nxe4 Bf5 5. Ng3 Bg6 6. h4 h6 7. Nf3 Nd7 8. h5 Bh7 9. Bd3 Bxd3 10. Qxd3 Ngf6 11. Bf4 Qa5+ 12. Bd2 Qc7 13. 0-0-0 1/2-1/2

[Event "BL2-West 0102"]
[Site "Germany"]
[Date "2002.02.24"]
[Round "6.3"]
[White "Senff, Martin"]
[Black "Grund, Holger"]
[Result "1/2-1/2"]
[WhiteElo "2459"]
[BlackElo "2466"]
[PlyCount "41"]
[EventDate "2001.10.07"]
[EventType "team-tourn"]
[EventRounds "9"]
[EventCountry "GER"]
[SourceTitle "CBM 088 Extra"]
[Source "ChessBase"]
[SourceDate "2002.07.01"]
[SourceVersion "2"]
[SourceVersionDate "2002.07.01"]
[SourceQuality "1"]
[WhiteTeam "Katernberg"]
[BlackTeam "Andernach"]
[WhiteTeamCountry "GER"]
[BlackTeamCountry "GER"]

1. e4 c6 2. d4 d5 3. Nc3 dxe4 4. Nxe4 Bf5 5. Nc5 Qb6 6. Nf3 e6 7. Nb3 Nf6 8. Ne5 Nbd7 9. Nd3 Be7 10. Be2 0-0 11. 0-0 Rfd8 12. Qe1 Qc7 13. Bf4 Bd6 14. Bxd6 Qxd6 15. Rd1 Qe7 16. Bf3 Re8 17. Qa5 b6 18. Qa4 Bg4 19. Nd2 Bxf3 20. Nxf3 c5 21. dxc5 1/2-1/2

[Event "Bayern-chI Bank Hofmann 5th"]
[Site "Bad Wiessee"]
[Date "2001.11.04"]
[Round "9"]
[White "Grund, Holger"]
[Black "Ramaswamy, Aarthie"]
[Result "1-0"]
[WhiteElo "2466"]
[BlackElo "2301"]
[PlyCount "81"]
[EventDate "2001.10.27"]
[EventType "swiss"]
[EventRounds "9"]
[EventCountry "GER"]
[SourceTitle "EXT 2002"]
[Source "ChessBase"]
[SourceDate "2001.11.25"]
[SourceVersion "1"]
[SourceVersionDate "2001.11.25"]
[SourceQuality "1"]

1. e4 c5 2. Nf3 Nc6 3. Bb5 e6 4. Bxc6 bxc6 5. 0-0 Ne7 6. Nc3 Ng6 7. d4 cxd4 8. Qxd4 f6 9. e5 fxe5 10. Nxe5 Nxe5 11. Qxe5 Qf6 12. Qg3 Qg6 13. Qxg6+ hxg6 14. Bf4 Be7 15. Ne4 d5 16. Nd6+ Bxd6 17. Bxd6 Bd7 18. Rfe1 Rc8 19. Rad1 Kf7 20. Bc5 a6 21. Rd3 Rb8 22. Rf3+ Kg8 23. b3 Rh5 24. g4 Rh8 25. h3 Rb7 26. Ree3 Kh7 27. Rf7 Re8 28. Ref3 Bc8 29. Rxb7 Bxb7 30. Rf7 Bc8 31. Rc7 e5 32. Rxc6 d4 33. Rc7 Be6 34. f4 Rc8 35. Rxc8 Bxc8 36. fxe5 d3 37. cxd3 Be6 38. Kf2 Kg8 39. Ke3 Kf7 40. Ke4 Ke8 41. d4 1-0

[Event "Bayern-chI Bank Hofmann 5th"]
[Site "Bad Wiessee"]
[Date "2001.11.02"]
[Round "7"]
[White "Grund, Holger"]
[Black "Schuette, Manfred"]
[Result "1-0"]
[WhiteElo "2466"]
[BlackElo "2297"]
[PlyCount "63"]
[EventDate "2001.10.27"]
[EventType "swiss"]
[EventRounds "9"]
[EventCountry "GER"]
[SourceTitle "EXT 2003"]
[Source "ChessBase"]
[SourceDate "2002.11.25"]
[SourceVersion "1"]
[SourceVersionDate "2002.11.25"]
[SourceQuality "1"]

1. e4 c5 2. Nf3 d6 3. d4 cxd4 4. Qxd4 Nc6 5. Bb5 Bd7 6. Bxc6 Bxc6 7. Nc3 Nf6 8. Bg5 e6 9. 0-0-0 Be7 10. Rhe1 0-0 11. Qd2 Qc7 12. Nd4 Rac8 13. f3 a6 14. g4 b5 15. Kb1 b4 16. Nce2 a5 17. Ng3 Qb7 18. Rc1 a4 19. Nh5 b3 20. Bxf6 bxa2+ 21. Kxa2 Bxf6 22. Nxf6+ gxf6 23. Qh6 Bd5+ 24. exd5 Qxd5+ 25. Kb1 Qxd4 26. Re4 Qa7 27. g5 f5 28. Rh4 f6 29. gxf6 a3 30. Ra4 Qb7 31. Rg1+ Kh8 32. Qg7+ 1-0

[Event "Bayern-chI Bank Hofmann 5th"]
[Site "Bad Wiessee"]
[Date "2001.10.31"]
[Round "5"]
[White "Wachinger, Guenther"]
[Black "Grund, Holger"]
[Result "1/2-1/2"]
[WhiteElo "2234"]
[BlackElo "2466"]
[PlyCount "61"]
[EventDate "2001.10.27"]
[EventType "swiss"]
[EventRounds "9"]
[EventCountry "GER"]
[SourceTitle "EXT 2003"]
[Source "ChessBase"]
[SourceDate "2002.11.25"]
[SourceVersion "1"]
[SourceVersionDate "2002.11.25"]
[SourceQuality "1"]

1. d4 d5 2. c4 dxc4 3. e3 Nf6 4. Bxc4 e6 5. Nf3 a6 6. a4 c5 7. 0-0 Nc6 8. Qe2 cxd4 9. Rd1 Be7 10. exd4 0-0 11. Nc3 Nb4 12. Bg5 Bd7 13. d5 exd5 14. Nxd5 Nbxd5 15. Bxd5 Nxd5 16. Rxd5 Bxg5 17. Nxg5 h6 18. Rad1 hxg5 19. Qd2 Rc8 20. Rxd7 Qb6 21. a5 Qb3 22. Qxg5 Qxb2 23. h4 Qe2 24. h5 Rc2 25. Qf5 Rc6 26. Rd8 Re6 27. Qg5 Kh7 28. Qf5+ Kg8 29. Qg5 Kh7 30. Qf5+ Kg8 31. Qg5 1/2-1/2

[Event "Bayern-chI Bank Hofmann 5th"]
[Site "Bad Wiessee"]
[Date "2001.10.27"]
[Round "1"]
[White "Bierbach, Utz Friedrich"]
[Black "Grund, Holger"]
[Result "0-1"]
[WhiteElo "2040"]
[BlackElo "2466"]
[PlyCount "44"]
[EventDate "2001.10.27"]
[EventType "swiss"]
[EventRounds "9"]
[EventCountry "GER"]
[SourceTitle "EXT 2003"]
[Source "ChessBase"]
[SourceDate "2002.11.25"]
[SourceVersion "1"]
[SourceVersionDate "2002.11.25"]
[SourceQuality "1"]

1. d4 d5 2. c4 dxc4 3. Nf3 Nf6 4. Nc3 a6 5. a4 Nc6 6. e4 Bg4 7. Be3 e5 8. d5 Na5 9. Be2 Bxf3 10. Bxf3 Bd6 11. 0-0 0-0 12. Rc1 Qb8 13. Bg5 Be7 14. Be2 Nb3 15. Rb1 b5 16. f4 h6 17. fxe5 Nxd5 18. exd5 Bxg5 19. Ne4 Qb6+ 20. Kh1 Rad8 21. Nxg5 hxg5 22. Rf5 Qe3 0-1